000 00643nam a22002057a 4500
999 _c6001
_d6001
005 20260120154534.0
008 260120b ||||| |||| 00| 0 eng d
020 _a9781786174574
040 _cKH8
082 _a590.2 KEL
100 _aKELLY,MILES
_eAUTHOR
245 _aBIRDS OF PREY
260 _aBarfield End Green,Thaxted,Essex,CM6 3PX,UK
_bMiles Kelly Publishing Ltd
_c2014
300 _a23 pages
_bColour illustration
_c15cm x 20cm
520 _aTake a look inside this book and discover the answers to loads of fascinating questions.
650 _aJuvenile Non Fiction
655 _aPrey
655 _aScience
942 _2ddc
_cNFIC